MARC

LEADER 00000nas a2200000 4500
001 ssj0005788
003 WaSeSS
005 20200512172242.0
006 m d
007 cr n
008 741111c19489999nyubr p s 0 a0eng c
010 |a sc 78001477   |z sn 78006212  
016 7 |a 0372735  |2 DNLM 
016 7 |a C18280000  |2 DNLM 
016 7 |a 012390874  |2 Uk 
022 |l 0009-4021  |y 0009-4021 
030 |z CHWFA 
032 |a 104480  |b USPS 
035 |a (WaSeSS)ssj0005788 
037 |b Child Welfare League of America, 440 First St., NW, Washington, DC 20001-2085 
040 |a NhD  |b eng  |c NhD  |d NSDP  |d DLC  |d NSDP  |d DLC  |d OCoLC  |d NSDP  |d OCoLC  |d AIP  |d NSDP  |d AIP  |d DNAL  |d NST  |d NSDP  |d NST  |d MH  |d NST  |d NSDP  |d DNAL  |d OCoLC  |d WaU  |d OCoLC  |d DNLM  |d OCoLC  |d CSdS  |d CaQQL  |d CU-S  |d CSdS  |d CSmarS  |d OCoLC  |d UKMGB  |d OCoLC  |d DLC  |d WaSeSS 
042 |a nsdp  |a pcc 
043 |a n-us--- 
050 0 0 |a HV701  |b .C55 
060 0 0 |a W1  |b CH692 
070 0 |a HV701.C48 
072 0 |a U400 
082 1 0 |a 362  |2 11 
210 0 |a Child welf. 
222 0 |a Child welfare 
245 0 0 |a Child welfare  |h [electronic resource]. 
260 |a [New York]  |b Child Welfare League of America. 
310 |a Bimonthly,  |b <Sept./Oct. 1982-> 
321 |a Monthly (except Aug. and Sept.) 
362 0 |a v. 27, no. 7- Oct. 1948- 
506 |a License restrictions may limit access. 
650 0 |a Child welfare  |z United States  |v Periodicals. 
650 2 |a Child Welfare  |v Periodicals. 
650 6 |a Enfants  |x Protection, assistance, etc.  |v Périodiques. 
655 0 |a Electronic journals. 
710 2 |a Child Welfare League of America. 
780 0 0 |a Child Welfare League of America.  |t Bulletin  |w (OCoLC)3101331 
850 |a AU  |a CtY-L  |a DNAL  |a FU  |a KPT  |a MH-L  |a MnSU  |a NcRS  |a NjR  |a PBL  |a ViBlbV 
852 |x universal pattern 
853 1 3 |8 1  |a v.  |b no.  |u und  |v r  |i (year) 
853 1 2 |8 2  |a v.  |b no.  |u 10  |v r  |i (year)  |j (month) 
853 1 2 |8 3  |a v.  |b no.  |u 08  |v r  |i (year)  |j (month) 
853 1 2 |8 4  |a v.  |b no.  |u 06  |v r  |i (year)  |j (month/month)  |w b  |x 01/02 
853 2 0 |8 5  |a v.  |b no.  |u 6  |v r  |i (year)  |w b 
856 4 0 |z Full text available from Research Library: 01/01/1994 to 12/31/2001  |u https://search.proquest.com/publication/40853 
856 4 0 |z Full text available from Research Library: 01/01/2004 to present  |u https://search.proquest.com/publication/40853 
863 4 0 |8 1.1  |a <37>  |b <1>-  |i <1958>  |x provisional 
863 4 0 |8 2.1  |a <43>-  |i <1964>-  |x provisional 
863 4 0 |8 3.1  |a <61>  |i <1982>  |x provisional 
863 4 0 |8 4.1  |a <62>-  |i <1983>-  |x provisional 
863 4 1 |8 5.1  |a 87  |b 1  |i 2008